| 000 | 00789nam a2200265Ia 4500 | ||
|---|---|---|---|
| 003 | OSt | ||
| 005 | 20220928112931.0 | ||
| 006 | a|||||r|||| 00| 0 | ||
| 007 | ta | ||
| 008 | 220927b |||||||| |||| 00| 0 eng d | ||
| 020 | _c1840 | ||
| 024 | _a109700 | ||
| 037 |
_b1214, 12/10/2010, Kiran Book Service _cTextual |
||
| 040 |
_aSDCL _cSDCL _beng |
||
| 041 |
_2eng _aeng |
||
| 082 | _aO152,6N:g(N), Q0.1-.3 | ||
| 100 |
_aJoshi Jyotashi Ed. _9430785 |
||
| 245 | 0 | _aKala vichar.3V. | |
| 260 |
_aDelhi _bYash Publications _c2010 |
||
| 300 |
_aV1:342p.,V2:327p.,V3:369p. _ccm. |
||
| 490 | _vV1:342p. | ||
| 650 |
_aHindi _9391598 |
||
| 942 |
_hO152,6N:g(N), Q0.1-.3 _cTEXL _2CC |
||
| 999 |
_c747214 _d747214 |
||